000 005860000a22001810004500
003 MACL
005 20160207111607.0
008 160207b xxu||||| |||| 00| 0 eng d
040 _aMACL
_cMACL
041 _aHindi
082 _a070
100 _aजैन डॉ. रमेश कुमार
_937208
245 _aहिन्‍दी पत्रकारिता का आलोचनात्‍मक इतिहास
260 _bहंसा प्रकाशन
_c1987
_aजयपूर
350 _a150
650 _aJournalism
_937209
942 _cHIN
_k070
_2ddc
999 _c28590
_d28590